| 000 | 00764nam a2200229Ia 4500 | ||
|---|---|---|---|
| 003 | OSt | ||
| 005 | 20250110102910.0 | ||
| 008 | 210716s2013 xx 000 0 und d | ||
| 020 | _a9788184248135 | ||
| 040 | _cAIMIT LIBRARY | ||
| 041 | _aeng | ||
| 082 |
_a001.072027 _21 _bRAMC |
||
| 245 |
_aElectronic resources management in libraries / _cEdited by Chennupati K Ramaiah. |
||
| 250 | _a1st ed. | ||
| 260 |
_aNew Delhi : _bAllied Publishers Pvt Ltd , _c2013. |
||
| 300 |
_axix,424p. ; _bPB _c25.6 cm |
||
| 650 |
_aElectronic resources and management _9192946 |
||
| 650 |
_aAccess and use of electronic resources _9192947 |
||
| 650 |
_aElectronic resources and pedagogical issues _9192948 |
||
| 700 |
_aRamaiah, Chennupati K., ed. _9192949 |
||
| 942 |
_2ddc _cBK |
||
| 999 |
_c194430 _d194430 |
||